000 00535nam a2200169 4500
999 _c189101
_d189101
005 20220613164853.0
010 _aENG-133254
020 _c200.00
_a978-81-7522-589-3
035 _aEN-116786
037 _bDBAD/PUB
082 _a111
245 _aThe Poet and the Scientist/
_cedited and Compiled by Partha Ghose
260 _aKolkata
_bSri Ramkumar Mukhopadhyay, Visva-Bharati
_c2014
270 _a6, Acharya Jagadish Chandra Bose Road,
_bKolkata
_e17
300 _a104p
_c22cm(hbk)
942 _2ddc
_cEN
_h111
_mGHO